Fifa 20 Top 25 France Players - Statistics

General Stats
  • This quiz has been taken 49 times
  • The average score is 19 of 25
Answer Stats
Rating Team Player % Correct
89 FC Barcelona Antoine Griezmann
95%
89 PSG Kylian Mbappe
95%
88 Manchester United Paul Pogba
95%
88 Tottenham Hotspur Hugo Lloris
93%
87 Real Madrid Karim Benzema
93%
89 Chelsea N'Golo Kante
93%
86 FC Barcelona Samuel Umtiti
93%
86 Arsenal Alexandre Lacazette
91%
85 Real Madrid Raphael Varane
91%
83 Manchester United Anthony Martial
88%
87 Manchester City Aymeric Laporte
86%
85 FC Barcelona Clement Lenglet
79%
84 FC Barcelona Ousmane Dembele
79%
84 Real Betis Nabil Fekir
77%
85 Piemonte Calcio Blaise Matuidi
74%
84 Bayern Munich Lucas Hernandez
72%
84 Bayern Munich Kingsley Coman
70%
83 Everton Lucas Digne
65%
83 Atletico Madrid Thomas Lemar
65%
83 Bayern Munich Corentin Tolisso
63%
83 Olympique Marseille Florian Thauvin
63%
83 Piemonte Calcio Adrien Rabiot
56%
84 Saint-Etienne Stephane Ruffier
51%
83 AS Monaco Wissam Ben Yedder
49%
83 West Ham United Sebastien Haller
47%
No matching quizzes found
Score Distribution
Percent of People with Each Score
Percentile by Number Answered
Your Score History
You have not taken this quiz